000 00583nam a22001697a 4500
003 MACL
005 20160728130619.0
008 160728b xxu||||| |||| 00| 0 eng d
040 _cMACL
041 _aHindi
082 _a610 VER
100 _aवर्मा, राम गोपाल
_965619
245 _aयाेगासन और ध्‍यान क्रियाऍ
_cराम गोपाल वर्मा
260 _aनई दिल्‍ली
_bईशान पब्लिकेशन
_c2014
650 _aमेडिकल
_965620
942 _2ddc
_cHIN
999 _c55217
_d55217